Spieler der Fußball-EM 2024 - Statistiken

Allgemein
  • Dieses Quiz wurde 393 mal gespielt
  • Das Durchschnittsergebnis liegt bei 7 aus 16
Antwortstatistiken
Bildquiz Hint Antwort % Korrekt
England Harry Kane
99%
Deutschland Kai Havertz
95%
Niederlande Virgil van Dijk
89%
Dänemark Yussuf Poulsen
77%
Spanien Nacho
68%
Portugal Rúben Dias
68%
Frankreich Jules Koundé
64%
Italien Gianluca Scamacca
33%
Schweiz Renato Steffen
18%
Serbien Vanja Milinković-Savić
14%
Österreich Marco Grüll
12%
Schottland Angus Gunn
8%
Albanien Thomas Strakosha
7%
Slowakei Lukáš Haraslín
1%
Rumänien Andrei Burcă
0%
Georgien Giorgi Loria
0%
Keine übereinstimmenden Quizze gefunden
Verteilung der Resultate
Anzahl Personen mit jedem Resultat
Perzentil nach korrekt beantworteten Fragen
Ihre Resultats-Entwicklung
Sie haben dieses Quiz noch nicht gespielt